[Event "ICS rated bullet match"]
[Site "204.178.125.65"]
[Date "2000.03.31"]
[Round "?"]
[White "Hossa"]
[Black "Tinker"]
[Result "1/2-1/2"]
[WhiteElo "2392"]
[BlackElo "2326"]
[PlyCount "191"]

1. e4 e5 2. Nf3 Nc6 3. Nc3 d6 4. Bb5 Bg4 5. d3 Nge7 6. Be3 a6 7. Ba4 b5 8. Bb3
Nd4 9. h3 Nxf3+ 10. gxf3 Bd7 11. f4 b4 12. Ne2 Nc6 13. fxe5 dxe5 14. Bd5 Bd6
15. Ng3 Qf6 16. Nh5 Qg6 17. h4 O-O 18. Ng3 h6 19. h5 Qf6 20. Nf5 Kh8 21. Rg1
Rg8 22. Nxd6 cxd6 23. Rg3 Raf8 24. Qe2 Nd4 25. Bxd4 exd4 26. O-O-O Be6 27. Bxe6
Qxe6 28. Kb1 d5 29. e5 f6 30. f4 Re8 31. Rg6 Qf5 32. Rf1 fxe5 33. fxe5 Rxe5 34.
Rxf5 Rxe2 35. b3 Rc8 36. Rxd5 Rcxc2 37. Rxd4 Rb2+ 38. Kc1 Rxa2 39. Kb1 Reb2+
40. Kc1 Rh2 41. Kb1 Rab2+ 42. Kc1 Rbe2 43. Rg1 Ra2 44. Kb1 Rab2+ 45. Ka1 Ra2+
46. Kb1 Rhb2+ 47. Kc1 Rxb3 48. Rd8+ Kh7 49. Rg4 Ra1+ 50. Kd2 Rb2+ 51. Ke3 Re1+
52. Kd4 Re7 53. Kd5 b3 54. Ra8 Rc2 55. Rb4 Rd7+ 56. Ke4 b2 57. Rxa6 Re2+ 58.
Kf3 Rh2 59. Ra3 Rf7+ 60. Kg3 Re2 61. Rab3 Rff2 62. Rb8 Rg2+ 63. Kf3 Rgf2+ 64.
Kg3 Rf1 65. Rxb2 Re3+ 66. Kg2 Rf5 67. R2b5 Rxb5 68. Rxb5 Rxd3 69. Re5 Rc3 70.
Rd5 Rc6 71. Kh3 Rc3+ 72. Kg2 Re3 73. Ra5 Re6 74. Kf3 g5 75. hxg6+ Kxg6 76. Kg2
h5 77. Kh1 h4 78. Rb5 Re2 79. Rb6+ Kf5 80. Rb5+ Kf6 81. Rb6+ Kg5 82. Rb5+ Kf4
83. Rb4+ Kf3 84. Rc4 Kg3 85. Rc3+ Kf4 86. Rc4+ Kg5 87. Rc5+ Kg4 88. Rc4+ Kh5
89. Rc5+ Kg6 90. Rc6+ Kf5 91. Rh6 Re4 92. Rh5+ Kg4 93. Rd5 Kf3 94. Rf5+ Rf4 95.
Rxf4+ Kxf4 96. Kg2 1/2-1/2

[Event "ICS rated blitz match"]
[Site "204.178.125.65"]
[Date "2000.03.31"]
[Round "?"]
[White "Hossa"]
[Black "QueenMaxima"]
[Result "0-1"]
[WhiteElo "2357"]
[BlackElo "2508"]
[PlyCount "124"]

1. e4 Nf6 2. e5 Nd5 3. d4 d6 4. Nf3 Bg4 5. Be2 e6 6. O-O a6 7. c4 Nb6 8. exd6
cxd6 9. Nc3 Qc7 10. Nd2 Bxe2 11. Qxe2 Be7 12. d5 exd5 13. Nxd5 Nxd5 14. cxd5
Nd7 15. Ne4 O-O 16. Bf4 Rfe8 17. Rac1 Qa5 18. Qd3 Nf6 19. Nxf6+ Bxf6 20. Qb3
Qb5 21. Qxb5 axb5 22. Bxd6 Rxa2 23. Rfe1 Rxe1+ 24. Rxe1 h6 25. b4 Rd2 26. Bc5
Rxd5 27. Kf1 Be5 28. h4 Bc3 29. Rc1 Bf6 30. g3 Be5 31. Re1 Kh7 32. Kg2 Kg6 33.
Be7 f6 34. Bc5 Rd2 35. Re4 Kf5 36. Kf3 Ke6 37. Ke3 Rd1 38. Ke2 Rc1 39. f4 Kd5
40. Kf3 Rf1+ 41. Kg2 Kxe4 42. Kxf1 Bd4 43. Bd6 Kf3 44. f5 h5 45. Bf8 Kxg3 46.
Ke2 Kxh4 47. Kd3 Be5 48. Bxg7 Kg4 49. Bh6 Kf3 50. Be3 h4 51. Bg1 Kg2 52. Bd4
Bxd4 53. Kxd4 h3 54. Kd5 h2 55. Ke6 Kf3 56. Kxf6 Kf4 57. Kg6 Ke5 58. Kf7 h1=Q
59. Ke7 Qh7+ 60. Ke8 Qc7 61. f6 Kxf6 62. Kf8 Qf7# 0-1

[Event "ICS rated blitz match"]
[Site "204.178.125.65"]
[Date "2000.03.31"]
[Round "?"]
[White "QueenMaxima"]
[Black "Hossa"]
[Result "1-0"]
[WhiteElo "2529"]
[BlackElo "2348"]
[PlyCount "127"]

1. d4 Nf6 2. c4 e6 3. Nc3 Bb4 4. e3 O-O 5. Bd3 d5 6. Nf3 dxc4 7. Bxc4 c5 8. O-O
cxd4 9. exd4 Nbd7 10. Bd3 b6 11. a3 Be7 12. Bf4 Bb7 13. Qe2 Rc8 14. Nb5 Nd5 15.
Bg3 a6 16. Nd6 Bxd6 17. Bxd6 Re8 18. Bxa6 Bxa6 19. Qxa6 Rc6 20. Bg3 N7f6 21.
Rfc1 Qa8 22. Qxa8 Rxc1+ 23. Rxc1 Rxa8 24. Bh4 Ne4 25. Kh1 b5 26. Rc6 h5 27. Ng5
Nb4 28. Rb6 Rc8 29. h3 Nd2 30. g3 Nd3 31. Rxb5 Nc4 32. Rb7 Rf8 33. g4 hxg4 34.
hxg4 Ndxb2 35. Bg3 Nd3 36. a4 Nd2 37. a5 Ra8 38. a6 Ne4 39. Nxe4 Rxa6 40. Ng5
Ra1+ 41. Kg2 Ra8 42. Nxf7 Ne1+ 43. Kh1 Ra1 44. Nd8 Nd3+ 45. Kg2 Re1 46. f4 Re3
47. Re7 e5 48. Re8+ Kh7 49. dxe5 Re2+ 50. Kf3 Rc2 51. Ne6 Rc6 52. Ng5+ Kg6 53.
Bh4 Nxf4 54. Kxf4 Rc4+ 55. Ne4 Rc1 56. e6 Rf1+ 57. Ke5 Rb1 58. e7 Rb5+ 59. Kf4
Rb7 60. Rd8 Rxe7 61. Bxe7 Kf7 62. Bf8 Kg8 63. Ng5 g6 64. Bh6# 1-0

[Event "ICS rated blitz match"]
[Site "204.178.125.65"]
[Date "2000.03.31"]
[Round "?"]
[White "Hossa"]
[Black "STYNETS"]
[Result "1-0"]
[WhiteElo "2340"]
[BlackElo "2102"]
[PlyCount "151"]

1. e4 e5 2. Nf3 Nc6 3. Nc3 Nf6 4. d4 exd4 5. Nxd4 Be7 6. Nxc6 dxc6 7. Qxd8+
Bxd8 8. Bd3 O-O 9. O-O Be6 10. Rd1 Rc8 11. Bf4 Nh5 12. Be3 g5 13. Be2 Nf4 14.
Bf1 h6 15. f3 Bf6 16. a4 a6 17. Bc5 Rfd8 18. Bb4 Bd4+ 19. Kh1 c5 20. Ba3 Ng6
21. a5 Ne5 22. Na4 c4 23. c3 Bf2 24. Bc5 Bxc5 25. Nxc5 Rxd1 26. Rxd1 b5 27.
Nxa6 Ra8 28. Nxc7 Rxa5 29. Rd6 Ra1 30. Kg1 Nd3 31. Nxe6 fxe6 32. Rxe6 Kg7 33.
Rb6 Nxb2 34. Rb7+ Kf6 35. Rxb5 Nd1 36. Rf5+ Kg7 37. f4 g4 38. Bxc4 Ne3+ 39. Kf2
Nxf5 40. exf5 Rc1 41. Be2 h5 42. c4 Kf6 43. Bd3 h4 44. h3 g3+ 45. Ke2 Ra1 46.
Be4 Ra2+ 47. Kf3 Ra7 48. Kg4 Re7 49. Bd5 Rg7+ 50. Kf3 Ra7 51. Be6 Ra2 52. Kg4
Rxg2 53. Kxh4 Rg1 54. Kg4 g2 55. Kf3 Rf1+ 56. Kxg2 Rxf4 57. c5 Ke5 58. c6 Kd6
59. Kg3 Rf1 60. Bd7 Rc1 61. Kf4 Rf1+ 62. Kg5 Ke7 63. Kg6 Rg1+ 64. Kh5 Rc1 65.
Kh6 Kf6 66. h4 Rc5 67. h5 Rc3 68. Kh7 Kf7 69. h6 Rc5 70. Be6+ Kf6 71. Kg8 Rc1
72. h7 Rg1+ 73. Kf8 Rh1 74. c7 Rxh7 75. c8=Q Rh8+ 76. Bg8 1-0

[Event "ICS rated blitz match"]
[Site "204.178.125.65"]
[Date "2000.04.01"]
[Round "?"]
[White "Hossa"]
[Black "Herrera-Jorge"]
[Result "1-0"]
[WhiteElo "2346"]
[BlackElo "2023"]
[PlyCount "65"]

1. e4 c5 2. Nf3 Nc6 3. d4 cxd4 4. Nxd4 Nf6 5. Nc3 d6 6. Bg5 e6 7. Qd2 Be7 8.
O-O-O O-O 9. f4 Nxd4 10. Qxd4 Qa5 11. Bc4 a6 12. e5 dxe5 13. fxe5 Nd5 14. Bd2
Nxc3 15. Bxc3 Qc5 16. Qe4 Rb8 17. Bd3 g6 18. Kb1 b5 19. Bd4 Qc7 20. Qe3 Bb7 21.
Bb6 Qc6 22. Rd2 Rbc8 23. Ba5 Bc5 24. Qf4 Bb6 25. Bxb6 Qxb6 26. h4 Rcd8 27. h5
Rd4 28. Qf6 Qd8 29. hxg6 fxg6 30. Qxe6+ Kg7 31. Rxh7+ Kxh7 32. Qxg6+ Kh8 33.
Qh7# 1-0

[Event "ICS rated blitz match"]
[Site "204.178.125.65"]
[Date "2000.04.01"]
[Round "?"]
[White "Zippy"]
[Black "Hossa"]
[Result "1/2-1/2"]
[WhiteElo "2265"]
[BlackElo "2350"]
[PlyCount "118"]

1. Nf3 d5 2. c4 e6 3. d4 Nf6 4. Bg5 Bb4+ 5. Nc3 Nbd7 6. cxd5 exd5 7. Qa4 Bxc3+
8. bxc3 O-O 9. e3 h6 10. Bxf6 Nxf6 11. Bd3 Bd7 12. Qb3 Bc6 13. Ne5 Nd7 14. Nxc6
bxc6 15. Qb7 Nb6 16. Qxc6 Rb8 17. O-O Kh8 18. Rab1 Qe7 19. Rb5 f5 20. Rc5 Rf7
21. c4 Nxc4 22. Rxd5 Nd2 23. Rc1 Ne4 24. Re5 Qa3 25. Bxe4 fxe4 26. Rxe4 Rbf8
27. Rf1 Qxa2 28. Re8 Qa3 29. Rxf8+ Qxf8 30. e4 Qb8 31. e5 Kh7 32. e6 Re7 33. d5
Qb3 34. Qc5 Re8 35. Rc1 Qd3 36. h3 Qe4 37. Qc2 Qxc2 38. Rxc2 Rd8 39. e7 Rb8 40.
Rxc7 Kg6 41. Rxa7 Kf7 42. Kf1 Rb1+ 43. Ke2 Rb2+ 44. Ke3 h5 45. d6 Rb3+ 46. Kd4
Rb6 47. Kc5 Rb8 48. Kc6 g5 49. Ra5 Rg8 50. Re5 Rc8+ 51. Kb7 Re8 52. Kc7 g4 53.
d7 Rxe7 54. Rxe7+ Kxe7 55. d8=Q+ Ke6 56. Qe8+ Kd5 57. Qxh5+ Ke4 58. Qxg4+ Ke5
59. Qg5+ Kd4 1/2-1/2

[Event "ICS rated blitz match"]
[Site "204.178.125.65"]
[Date "2000.04.01"]
[Round "?"]
[White "egya"]
[Black "Hossa"]
[Result "0-1"]
[WhiteElo "1964"]
[BlackElo "2346"]
[PlyCount "90"]

1. Nf3 d5 2. b3 c5 3. Bb2 f6 4. e3 e5 5. Bb5+ Nc6 6. O-O Bd6 7. d3 a6 8. Bxc6+
bxc6 9. e4 Ne7 10. Nbd2 O-O 11. h3 Be6 12. Bc1 f5 13. Kh2 fxe4 14. dxe4 Ng6 15.
Nb1 Kh8 16. Ng5 Bg8 17. Qg4 Be7 18. h4 Nf4 19. g3 Bxg5 20. hxg5 Be6 21. Qh4 Ng6
22. Qh5 Qd7 23. Kg2 Bg4 24. Qh2 Be2 25. Re1 Bf3+ 26. Kg1 Bxe4 27. Be3 d4 28.
Bc1 Bxc2 29. Nd2 Qf5 30. Nc4 Rad8 31. Ba3 e4 32. Rac1 Bd3 33. Nd2 Rd5 34. Qg2
Re8 35. f4 a5 36. Nf3 Kg8 37. Qd2 Qg4 38. Qf2 Nxf4 39. Nh2 Nh3+ 40. Kg2 Nxf2
41. Nxg4 Nxg4 42. Bxc5 e3 43. Kf3 Ne5+ 44. Kg2 Be4+ 45. Kh3 Nd3 0-1

[Event "ICS rated blitz match"]
[Site "204.178.125.65"]
[Date "2000.04.01"]
[Round "?"]
[White "Hossa"]
[Black "Panda"]
[Result "1-0"]
[WhiteElo "2349"]
[BlackElo "2303"]
[PlyCount "37"]

1. e4 e5 2. Nf3 Nc6 3. Nc3 Nf6 4. Nxe5 Nxe5 5. d4 Ng6 6. e5 Ng8 7. Bc4 Bb4 8.
Qf3 Qe7 9. O-O Bxc3 10. bxc3 d5 11. Bxd5 c6 12. Bxc6+ Kd8 13. Rb1 Rb8 14. Qd5+
Kc7 15. Qa5+ Kxc6 16. Ba3 Qe6 17. Qxa7 N8e7 18. Rb6+ Kc7 19. Rxe6 1-0

[Event "ICS rated blitz match"]
[Site "204.178.125.65"]
[Date "2000.04.01"]
[Round "?"]
[White "Panda"]
[Black "Hossa"]
[Result "1-0"]
[WhiteElo "2284"]
[BlackElo "2360"]
[PlyCount "123"]

1. e4 e5 2. Nf3 Nc6 3. Bb5 a6 4. Ba4 Nf6 5. O-O Be7 6. Re1 b5 7. Bb3 d6 8. d3
Bg4 9. c3 O-O 10. h3 Bxf3 11. Qxf3 a5 12. Nd2 Qd7 13. a4 b4 14. Bc4 bxc3 15.
bxc3 Qc8 16. Rb1 Rb8 17. Ba3 Qd7 18. Bb5 Rb7 19. Nc4 Rfb8 20. Kh2 Qe6 21. Rbd1
Na7 22. Nxa5 Nxb5 23. axb5 Rxb5 24. Nc6 R8b6 25. d4 Qd7 26. d5 Rb3 27. Bc1 Rxc6
28. dxc6 Qxc6 29. Bd2 Rb2 30. Qd3 Qb7 31. Rb1 Rxb1 32. Rxb1 Qxe4 33. Rb8+ Bf8
34. Qb5 Qc2 35. Be3 Qxc3 36. Rc8 e4 37. Rd8 c6 38. Qb8 Qe5+ 39. g3 Nd7 40. Rxd7
f5 41. Rd8 Qe7 42. Bf4 h5 43. Bxd6 Qe6 44. Rxf8+ Kh7 45. Qd8 e3 46. Qg5 exf2
47. Qxh5+ Qh6 48. Qxf5+ Qg6 49. Qxg6+ Kxg6 50. Rxf2 Kh7 51. g4 Kg8 52. h4 Kh7
53. h5 Kh6 54. Kg3 Kh7 55. g5 g6 56. h6 c5 57. Kf4 c4 58. Ke5 Kh8 59. Rf8+ Kh7
60. Ke6 c3 61. Be5 c2 62. Rh8# 1-0

[Event "ICS rated blitz match"]
[Site "204.178.125.65"]
[Date "2000.04.01"]
[Round "?"]
[White "Hossa"]
[Black "kali"]
[Result "0-1"]
[WhiteElo "2344"]
[BlackElo "2131"]
[PlyCount "194"]

1. e4 c5 2. Nf3 e6 3. d4 cxd4 4. Nxd4 a6 5. Bd3 Bc5 6. Nb3 Ba7 7. O-O Nc6 8.
Qe2 b5 9. e5 Nge7 10. Bg5 Qc7 11. Bxe7 Nxe7 12. a4 b4 13. N1d2 Nc6 14. Nc4 O-O
15. Qh5 g6 16. Qg5 Qd8 17. Qxd8 Rxd8 18. Be4 Bb7 19. Nd6 Rab8 20. Rfd1 Ba8 21.
Bxc6 Bxc6 22. a5 Kg7 23. Rd3 Rf8 24. Rad1 f6 25. exf6+ Rxf6 26. R1d2 Rbf8 27.
Nd4 e5 28. Nf3 e4 29. Nxe4 Bxe4 30. Rxd7+ R8f7 31. Ng5 Rxf2 32. Nxf7 Rxf7+ 33.
Kh1 Bc6 34. Rxf7+ Kxf7 35. c4 bxc3 36. bxc3 Bc5 37. Re2 h5 38. Re5 Bd6 39. Re2
Bb5 40. Rd2 Be5 41. Rc2 Bc4 42. Rc1 Ke6 43. Rd1 Bd5 44. Rc1 Bc4 45. Rd1 g5 46.
h3 h4 47. Rd2 Bc7 48. Rd4 Bd5 49. Ra4 Bc6 50. Ra1 Kd5 51. Rf1 Bf4 52. Re1 Kc4
53. Re6 Bb5 54. Re1 Kxc3 55. Rb1 Kc4 56. Rb2 Kc3 57. Rb1 Bd2 58. Ra1 Kb2 59.
Rd1 Bxa5 60. Rd5 Be1 61. Rxg5 Kb3 62. Kh2 Kb4 63. Rg7 a5 64. Kg1 a4 65. Rg4+
Bc4 66. Re4 Bg3 67. Re7 a3 68. Kh1 a2 69. Ra7 Bb3 70. Rxa2 Bxa2 71. Kg1 Bd5 72.
Kh1 Kc5 73. Kg1 Kd6 74. Kf1 Ke5 75. Kg1 Be1 76. Kf1 Bd2 77. Kg1 Kf4 78. Kh2 Ba5
79. Kg1 Kg3 80. Kf1 Bxg2+ 81. Ke2 Bxh3 82. Kd3 Bf1+ 83. Ke4 h3 84. Kd5 h2 85.
Kd6 h1=R 86. Kd7 Rh6 87. Ke7 Be1 88. Kd7 Kf4 89. Kc7 Ke5 90. Kc8 Rh7 91. Kb8
Kd6 92. Ka8 Kc6 93. Kb8 Bg3+ 94. Ka8 Be1 95. Kb8 Be2 96. Ka8 Kb6 97. Kb8 Rh8#
0-1

[Event "ICS rated blitz match"]
[Site "204.178.125.65"]
[Date "2000.04.01"]
[Round "?"]
[White "kali"]
[Black "Hossa"]
[Result "0-1"]
[WhiteElo "2171"]
[BlackElo "2326"]
[PlyCount "84"]

1. d4 d5 2. c4 e6 3. Nc3 Nf6 4. cxd5 exd5 5. Bg5 Be7 6. e3 O-O 7. Bd3 c6 8. Qc2
Nbd7 9. Nf3 Kh8 10. h3 c5 11. O-O b6 12. Rfd1 Bb7 13. dxc5 bxc5 14. Bf1 Nb6 15.
Rd2 Nh5 16. Bxe7 Qxe7 17. Rad1 d4 18. exd4 Bxf3 19. gxf3 Qg5+ 20. Kh1 Nf4 21.
Ne2 Nxe2 22. Rxe2 cxd4 23. Rxd4 Rac8 24. Qd2 Qf5 25. Kg2 Qg6+ 26. Rg4 Qb1 27.
Qd4 Rg8 28. Re7 Rcd8 29. Qe4 Qxb2 30. Rxf7 Rde8 31. Qb7 a5 32. a4 Rd8 33. Qe4
Qd2 34. Qe5 Qd5 35. Qc7 Rc8 36. Qa7 Ra8 37. Qe7 Nc8 38. Qh4 Qxf7 39. Bd3 g5 40.
Rxg5 Rxg5+ 41. Qxg5 Nb6 42. Be4 Rg8 0-1

[Event "ICS rated blitz match"]
[Site "204.178.125.65"]
[Date "2000.04.01"]
[Round "?"]
[White "Hossa"]
[Black "hipopotamo"]
[Result "0-1"]
[WhiteElo "2333"]
[BlackElo "2231"]
[PlyCount "136"]

1. e4 c5 2. Nf3 d6 3. d4 cxd4 4. Nxd4 Nf6 5. Nc3 g6 6. Be3 Bg7 7. f3 O-O 8. Qd2
a6 9. Bd3 Nc6 10. O-O Qc7 11. Nb3 Ne5 12. Rac1 Nc4 13. Bxc4 Qxc4 14. Bh6 b5 15.
Bxg7 Kxg7 16. Nd5 Nxd5 17. Qxd5 Be6 18. Qd2 Rfc8 19. Rfd1 a5 20. a3 b4 21. Qg5
f6 22. Qf4 a4 23. Nd4 Bf7 24. Qg4 Kh8 25. Qh4 Kg7 26. Qf2 bxa3 27. bxa3 Rab8
28. g3 Rb2 29. Rb1 Qc3 30. f4 Qxa3 31. f5 g5 32. Qe1 Rcb8 33. Ra1 Ra2 34. Rxa2
Qxa2 35. Nc6 Rb2 36. Nd4 a3 37. h4 h6 38. hxg5 hxg5 39. Ra1 Qc4 40. Rd1 a2 41.
c3 Qa4 42. Ra1 Qa8 43. c4 Qh8 44. Nf3 g4 45. Nd2 Qh6 46. Nf1 Bxc4 47. Qc3 Rb1
48. Qxc4 Rxa1 49. Kf2 Qh1 50. Qe2 Qxf1+ 51. Qxf1 Rxf1+ 52. Kxf1 a1=Q+ 53. Ke2
Qd4 54. e5 Qxe5+ 55. Kd3 Qxf5+ 56. Kd4 Qc5+ 57. Kd3 f5 58. Kd2 Qa3 59. Kc2 f4
60. gxf4 g3 61. Kd2 g2 62. Ke2 g1=R 63. Kf2 Qg3+ 64. Ke2 Re1+ 65. Kd2 Qe3+ 66.
Kc2 Rc1+ 67. Kb2 Qc3+ 68. Ka2 Ra1# 0-1

[Event "ICS rated blitz match"]
[Site "204.178.125.65"]
[Date "2000.04.01"]
[Round "?"]
[White "Hossa"]
[Black "kako"]
[Result "1/2-1/2"]
[WhiteElo "2312"]
[BlackElo "2081"]
[PlyCount "63"]

1. e4 e6 2. d4 d5 3. Nc3 Nf6 4. Bg5 Be7 5. e5 Nfd7 6. Bxe7 Qxe7 7. f4 O-O 8.
Nf3 c5 9. dxc5 Nxc5 10. Bd3 Nxd3+ 11. cxd3 Nc6 12. O-O a6 13. g3 f6 14. d4 fxe5
15. fxe5 Bd7 16. Rf2 Be8 17. Qd2 Bg6 18. Raf1 Bf5 19. Kg2 Bg4 20. Nh4 Rxf2+ 21.
Rxf2 g5 22. h3 Bxh3+ 23. Kxh3 gxh4 24. gxh4 Rf8 25. Rg2+ Kh8 26. Qd1 Qf7 27.
Ne2 Qf1 28. Qxf1 Rxf1 29. Rg4 Rf2 30. Rg2 Rf1 31. Rg4 Rf2 32. Rg2 1/2-1/2

[Event "ICS rated blitz match"]
[Site "204.178.125.65"]
[Date "2000.04.01"]
[Round "?"]
[White "kako"]
[Black "Hossa"]
[Result "0-1"]
[WhiteElo "2086"]
[BlackElo "2303"]
[PlyCount "86"]

1. e4 e5 2. Nf3 Nc6 3. Bb5 a6 4. Ba4 Nf6 5. O-O Be7 6. Re1 b5 7. Bb3 d6 8. c3
O-O 9. h3 Bb7 10. d4 Re8 11. Ng5 Rf8 12. Nf3 Re8 13. a3 Qd7 14. d5 Na5 15. Ba2
c6 16. dxc6 Qxc6 17. Nbd2 Qc7 18. Qe2 Rac8 19. Bb1 Nh5 20. Nf1 Nb3 21. Ra2 Nxc1
22. Rxc1 Nf4 23. Qc2 f5 24. Ng3 fxe4 25. Nxe4 Rf8 26. Neg5 g6 27. b3 Bxg5 28.
Nxg5 Bxg2 29. Ne6 Nxe6 30. Kxg2 Qf7 31. Qe4 Nf4+ 32. Kh2 Qxb3 33. Rac2 Qxa3 34.
Ba2+ Kh8 35. f3 Rxc3 36. Rxc3 Qxa2+ 37. R1c2 Qe6 38. Rc6 Qxh3+ 39. Kg1 Qg3+ 40.
Kh1 Nh3 41. Rg2 Nf2+ 42. Rxf2 Qxf2 43. Rxd6 Rf5 0-1

[Event "ICS rated blitz match"]
[Site "204.178.125.65"]
[Date "2000.04.01"]
[Round "?"]
[White "QueenMaxima"]
[Black "Hossa"]
[Result "0-1"]
[WhiteElo "2545"]
[BlackElo "2310"]
[PlyCount "76"]

1. d4 d5 2. c4 e6 3. Nc3 Nf6 4. Nf3 Be7 5. Bg5 h6 6. Bh4 Nc6 7. e3 g5 8. Bg3
Bb4 9. Ne5 Ne4 10. Nxc6 bxc6 11. Rc1 h5 12. Bd3 h4 13. Be5 f6 14. cxd5 exd5 15.
Qa4 Bxc3+ 16. bxc3 Bd7 17. f3 Nc5 18. Bg6+ Kf8 19. dxc5 fxe5 20. Bd3 h3 21. g3
Rh6 22. e4 Rf6 23. O-O Kg8 24. Qa5 Bc8 25. Rb1 Kh8 26. Kh1 Rf7 27. Qa4 Bd7 28.
Rb7 Qf8 29. Rxc7 Rxf3 30. Qd1 Bg4 31. Qe2 dxe4 32. Qe1 Rxf1+ 33. Bxf1 e3 34.
Kg1 Qf3 35. Rb7 e2 36. Qxe2 Qxe2 37. Bxe2 Bxe2 38. Kf2 Bc4 0-1

[Event "ICS rated blitz match"]
[Site "204.178.125.65"]
[Date "2000.04.01"]
[Round "?"]
[White "Hossa"]
[Black "QueenMaxima"]
[Result "1-0"]
[WhiteElo "2335"]
[BlackElo "2520"]
[PlyCount "105"]

1. e4 Nf6 2. e5 Nd5 3. d4 d6 4. Nf3 Bg4 5. Be2 e6 6. O-O Be7 7. c4 Nb6 8. Nc3
O-O 9. Be3 N8d7 10. b3 dxe5 11. dxe5 c6 12. Bf4 Qc7 13. Re1 Rfd8 14. Nd4 Bb4
15. Qd2 Bxe2 16. Rxe2 h6 17. a3 Bxc3 18. Qxc3 Nf8 19. Rd2 Qe7 20. Qf3 Ng6 21.
Qe3 Rd7 22. a4 Rad8 23. a5 Na8 24. a6 c5 25. Nf3 b6 26. Qe4 Nxf4 27. Qxf4 Nc7
28. Raa2 Rd3 29. Qe4 Rxb3 30. Qc2 Rb4 31. g3 Qf8 32. Ra3 Rb8 33. Rd7 Qc8 34.
Rad3 Ra8 35. Re7 Ne8 36. Rdd7 Qxa6 37. Rxf7 Rxc4 38. Qb2 Ra4 39. Nd2 c4 40. Nf1
c3 41. Qxc3 Ra1 42. Kg2 Qxf1+ 43. Kf3 Ra2 44. Qe3 Qh1+ 45. Kg4 Qxh2 46. Qf4
Nf6+ 47. exf6 h5+ 48. Kg5 Ra5+ 49. Kg6 Rg5+ 50. Qxg5 Rc8 51. Rxg7+ Kf8 52. f7
Qh4 53. Rg8# 1-0

[Event "ICS rated blitz match"]
[Site "204.178.125.65"]
[Date "2000.04.01"]
[Round "?"]
[White "Hossa"]
[Black "Panda"]
[Result "1-0"]
[WhiteElo "2359"]
[BlackElo "2312"]
[PlyCount "75"]

1. e4 e6 2. d4 d5 3. Nc3 Nf6 4. e5 Nfd7 5. f4 c5 6. Nf3 Nc6 7. Be3 cxd4 8. Nxd4
a6 9. Bd3 Bc5 10. Nxc6 bxc6 11. Bxc5 Nxc5 12. b4 Nd7 13. g3 c5 14. bxc5 Qc7 15.
c6 Qxc6 16. Qd2 Qc5 17. Rb1 O-O 18. Nd1 Rb8 19. Rxb8 Nxb8 20. Nf2 Bd7 21. O-O
Bb5 22. Bxb5 axb5 23. Rb1 Nc6 24. Rb3 h6 25. a3 Ra8 26. Rc3 Qb6 27. Rd3 Ra4 28.
Qc1 Rc4 29. c3 Qc5 30. Qb2 g5 31. Kg2 gxf4 32. gxf4 Rxf4 33. Rg3+ Kf8 34. Nd3
Qc4 35. Nxf4 Qxf4 36. Qxb5 Nxe5 37. Qc5+ Ke8 38. Rg8+ 1-0

[Event "ICS rated blitz match"]
[Site "204.178.125.65"]
[Date "2000.04.01"]
[Round "?"]
[White "Panda"]
[Black "Hossa"]
[Result "0-1"]
[WhiteElo "2295"]
[BlackElo "2371"]
[PlyCount "44"]

1. d4 Nf6 2. Nf3 e6 3. c4 b6 4. Nc3 d5 5. cxd5 exd5 6. Bg5 Be7 7. e3 c6 8. Bd3
Nbd7 9. O-O O-O 10. Qc2 h6 11. Bh4 Bb7 12. a3 Re8 13. b4 Qc7 14. Rfc1 a5 15. b5
c5 16. dxc5 bxc5 17. a4 d4 18. Ne2 Bxf3 19. gxf3 dxe3 20. fxe3 Ne5 21. Kg2 Nd5
22. Bf2 Nb4 0-1

[Event "ICS rated standard match"]
[Site "204.178.125.65"]
[Date "2000.04.01"]
[Round "?"]
[White "Hossa"]
[Black "RudyVandeWynkel"]
[Result "1-0"]
[WhiteElo "2324"]
[BlackElo "1971"]
[PlyCount "42"]

1. e4 c6 2. d4 d5 3. Nc3 dxe4 4. Nxe4 Bf5 5. Ng3 Bg6 6. h4 h5 7. Nf3 Nf6 8. Ne5
Bh7 9. Nxh5 Nbd7 10. Nxf6+ exf6 11. Nd3 Qc7 12. Qe2+ Be7 13. Be3 O-O-O 14.
O-O-O Rhe8 15. h5 Bd6 16. h6 gxh6 17. Rxh6 Bg6 18. c4 Nf8 19. c5 Bxd3 20. cxd6
Bxe2 21. dxc7 Rd5 1-0

[Event "ICS rated blitz match"]
[Site "204.178.125.65"]
[Date "2000.04.01"]
[Round "?"]
[White "GPiccolo"]
[Black "Hossa"]
[Result "1-0"]
[WhiteElo "2165"]
[BlackElo "2382"]
[PlyCount "167"]

1. d4 Nf6 2. c4 g6 3. Nf3 Bg7 4. Nc3 d5 5. e3 Nc6 6. Be2 dxc4 7. Bxc4 O-O 8.
O-O Bg4 9. h3 Bxf3 10. Qxf3 Na5 11. Be2 Rb8 12. Ne4 Nd5 13. b3 f5 14. Nc5 Rf6
15. Bd2 Nc6 16. Bc4 Rd6 17. Ne6 Qd7 18. Bxd5 Rxd5 19. Nxc7 Rd6 20. Nb5 Rd5 21.
Nc3 Rd6 22. Bc1 Rc8 23. Ba3 Bxd4 24. Bxd6 Bxc3 25. Rac1 Qxd6 26. Rxc3 Rd8 27.
Qe2 e6 28. Qc4 Qe7 29. Rc2 Rd5 30. Qf4 g5 31. Qc4 Qf8 32. e4 fxe4 33. Qxe4 Qd6
34. Qe3 Qd7 35. Re1 Re5 36. Qc3 Rf5 37. Qc4 Rd5 38. Rce2 b5 39. Qg4 Nd4 40. Re5
Rxe5 41. Rxe5 h6 42. h4 Qd6 43. Re4 Nf5 44. hxg5 hxg5 45. Qxg5+ Kf7 46. g4 Qd1+
47. Kh2 Ng7 48. Qxb5 Kg6 49. Ra4 Qf3 50. Kg1 Kh6 51. Qc5 Kh7 52. Qd4 e5 53.
Qxe5 Qd1+ 54. Kg2 Qd7 55. f3 Kg8 56. Qb8+ Ne8 57. Rxa7 Qd2+ 58. Kg3 Qe1+ 59.
Kf4 Qd2+ 60. Kf5 Qc2+ 61. Kg5 Qc5+ 62. Kh4 Qf2+ 63. Kh5 Qe3 64. f4 Qe6 65. f5
Qe4 66. Ra6 Kf7 67. Qa7+ Qe7 68. Qxe7+ Kxe7 69. Re6+ Kf7 70. Rxe8 Kxe8 71. Kg6
Kf8 72. b4 Ke7 73. f6+ Kd7 74. Kg7 Ke6 75. f7 Kd5 76. f8=Q Ke5 77. Qc5+ Ke4 78.
b5 Kd3 79. b6 Ke4 80. b7 Kf3 81. b8=Q Kg2 82. Qc3 Kf2 83. Qh2+ Kf1 84. Qc1# 1-0

[Event "ICS rated blitz match"]
[Site "204.178.125.65"]
[Date "2000.04.01"]
[Round "?"]
[White "Hossa"]
[Black "guicar"]
[Result "1-0"]
[WhiteElo "2373"]
[BlackElo "2092"]
[PlyCount "63"]

1. e4 e5 2. Nf3 Nc6 3. Nc3 Nf6 4. Nxe5 Nxe5 5. d4 Nc6 6. d5 Bb4 7. dxc6 bxc6 8.
Qd4 c5 9. Qe5+ Qe7 10. Qxe7+ Kxe7 11. Bd2 Bxc3 12. Bxc3 Nxe4 13. Bxg7 Rg8 14.
Bh6 d6 15. Bd3 Bb7 16. O-O Kf6 17. f3 Ng5 18. Bxg5+ Rxg5 19. Bxh7 Rh8 20. Bd3
Rgh5 21. h3 Rg5 22. Kh2 d5 23. f4 Rg7 24. Rfe1 c4 25. Be2 d4 26. Bf1 Rgg8 27.
Rad1 c5 28. Re5 Rd8 29. Rxc5 d3 30. cxd3 cxd3 31. Rxd3 Rxd3 32. Bxd3 1-0

[Event "ICS rated blitz match"]
[Site "204.178.125.65"]
[Date "2000.04.01"]
[Round "?"]
[White "Hossa"]
[Black "undertaker1"]
[Result "0-1"]
[WhiteElo "2378"]
[BlackElo "2620"]
[PlyCount "136"]

1. e4 e5 2. Nf3 Nc6 3. Nc3 g6 4. Bc4 Bg7 5. O-O d6 6. Bb5 Nge7 7. d3 a6 8. Bc4
Na5 9. Bd5 O-O 10. Bg5 h6 11. Bxe7 Qxe7 12. a4 Bd7 13. Qd2 Qf6 14. b4 Nc6 15.
b5 axb5 16. axb5 Nd4 17. Nxd4 exd4 18. Ne2 c6 19. Bc4 cxb5 20. Bd5 Bc6 21. Bb3
Ra6 22. Rxa6 bxa6 23. Qa5 Bb7 24. Qc7 Bc8 25. Bd5 Kh8 26. Qa7 Kh7 27. f4 Kg8
28. Rf2 Bh8 29. Ng3 Qd8 30. f5 g5 31. f6 Qd7 32. Qxd4 Qg4 33. Rf3 h5 34. Bc6
Rd8 35. Qb6 Rf8 36. Qe3 Rd8 37. Qa7 Rf8 38. Qf2 Qh4 39. Qd2 g4 40. Qf4 Be6 41.
Rf1 Rc8 42. Bb7 Rxc2 43. Bxa6 b4 44. Kh1 b3 45. Qxd6 Bxf6 46. Bc4 Bxc4 47. dxc4
b2 48. Qd7 Rf2 49. Rg1 Qg5 50. Rd1 Qc1 51. Kg1 Qc2 52. Qe8+ Kg7 53. Nxh5+ Kg6
54. Qg8+ Kxh5 55. Qh7+ Kg5 56. h4+ Kf4 57. Qf5+ Ke3 58. Qc5+ Ke2 59. Qxf2+ Kxd1
60. Qf1+ Kd2 61. Qf2+ Kd3 62. Qf1+ Kxe4 63. Kh2 Be5+ 64. Kg1 b1=Q 65. Qxb1
Qxb1+ 66. Kf2 g3+ 67. Ke2 Qd3+ 68. Ke1 Bc3# 0-1